000 00516cam a22001931 04500
001 44683
090 _a44683
100 _a19640501d1964 m y0pory5003 ba
101 1 _apor
102 _aPT
200 1 _aLadrões de Gado na Ponderosa
_fClark Carrados
_gtrad. José Diniz Zambujo
_dBonanza
210 9 _aAmadora
_cEditorial Ibis,
_d[1968]
215 _a107, [1] p.
225 2 _aFar West
_v11
675 _a860
_vmed
_zpor
700 1 _aCarrados,
_bClark,
702 1 _aSantos,
_bHenrique
_4730
801 0 _aPT
_bBN
_gRPC
990 _cLIVROS